00690nam a2200217Ia 450000500170000000800410001702000150005810000290007324500410010225000190014330000270016265000360018965000400022565000390026526400340030433600270033833700330036533800280039804000350042608400110046120220317000551.0160601s2003 sp g 000 0 spa  a84322117531 aBolaño, Robertod1953-13aLa pista de hielo cRoberto Bolaño a1a. edición  a188 páginas c21 cm 142LEMBaNovela chilena ySiglo XX142LEMBaLiteratura chilena ySiglo XX142LEMBaCrímenes en la literatura  aBarcelona bSeix Barralc2003 atextobtxt2rdacontent asin mediaciónbn2rdamedia avolumenbnc2rdacarrier aCO-BoRNBPbspaerdacCO-BoRNBP aN BOL2